000
00323nam a22001337a 4500
008
180116b xxu||||| |||| 00| 0 eng d
020
_a
3540183531
041
_a
eng
080
_a
004
100
_a
28
101
_a
SHK
245
_a
ECOOP''87 european conference on object-oriented programming
_c
Goos,G
942
_2
udc
_c
BK
999
_c
40338
_d
40338